An Account of the proceedings of the new parliament of women sitting at Gossips-Hall, near Knock-Vergies : whereunto is annexed the languishing maidens petition against the widows who have been blessed with the enjoyment of three or four several husbands : here is also a severe course against those widdowers that shall attempt to marry, knowing their own inability as not being able to satisly the longing expectations of their espoused bride : likewise a severe punishment to be inflicted upon batchellors that promise more than they can do ...

Bibliographic Details
Format: eBook
Language:English
Published: [London] : Printed for J. Coniers ..., [1683]
Series:Early English books online.
Online Access:Connect to the full text of this electronic book

MARC

Tag First Indicator Second Indicator Subfields
LEADER 00000nam a2200000Ia 4500
001 in00004272000
005 20200810075537.0
006 m g d
007 cr bn |||a|bb|
008 851001s1683 enk o 00| | eng d
035 |a (OCoLC)12623582 
040 |a EAA  |c EAA  |d WaOLN 
037 |a CL0037000010  |b ProQuest Information and Learning. 300 N. Zeeb Rd., Ann Arbor, MI 48106 
049 |a UMIA 
245 0 3 |a An Account of the proceedings of the new parliament of women sitting at Gossips-Hall, near Knock-Vergies :  |b whereunto is annexed the languishing maidens petition against the widows who have been blessed with the enjoyment of three or four several husbands : here is also a severe course against those widdowers that shall attempt to marry, knowing their own inability as not being able to satisly the longing expectations of their espoused bride : likewise a severe punishment to be inflicted upon batchellors that promise more than they can do ... 
260 |a [London] :  |b Printed for J. Coniers ...,  |c [1683] 
300 |a 1 online resource ([9] pages) 
336 |a text  |b txt  |2 rdacontent 
337 |a computer  |b c  |2 rdamedia 
338 |a online resource  |b cr  |2 rdacarrier 
500 |a Running title: The new parliament of women. 
500 |a Place and date of publication from NUC pre-1956 imprints. 
500 |a Reproduction of original in Newberry Library. 
500 |a Bound with Wing S3055, M271A, N708, B6325. Each item has special title page and seperate pagination. 
510 4 |a Wing  |c A370 
533 |a Electronic reproduction.  |b Ann Arbor, Mich. :  |c UMI,  |d 1999-  |f (Early English books online)  |n Digital version of: (Early English books, 1641-1700 ; 339:10a)  |7 s1999 miun s 
740 0 |a New parliament of women. 
830 0 |a Early English books online. 
856 4 0 |u http://proxy.library.tamu.edu/login?url=https://search.proquest.com/docview/2240963840  |z Connect to the full text of this electronic book  |t 0 
999 f f |s e0f25597-8d76-3a8b-8679-08877952dbcd  |i 4133af0a-2ab6-3c7a-9eb6-5fda624e6730  |t 0 
952 f f |a Texas A&M University  |b College Station  |c Electronic Resources  |d Available Online  |t 0  |h No information provided 
998 f f |t 0  |l Available Online